Un'estate da morire /

Meg proprio non la sopporta, sua sorella. Molly è bellissima e amata da tutti, mentre lei si sente solo diversa. Il loro rapporto cambierà un'estate, sullo sfondo della campagna inglese. Dall'acclamata autrice di letteratura per ragazzi, vincitrice di due medaglie Newbery, il romanzo, di ispirazione...

Mô tả đầy đủ

Đã lưu trong:
Chi tiết về thư mục
Tác giả chính: Lowry, Lois (Tác giả)
Tác giả khác: Santachiara, Enrico (Thông dịch viên)
Định dạng: Sách
Ngôn ngữ:Tiếng Italy
Được phát hành: Soliera : 21lettere, 2021
Loạt:Ragazzi
Các nhãn: Thêm thẻ
Không có thẻ, Là người đầu tiên thẻ bản ghi này!

MARC

LEADER 00000nam a22000007i 4500
001 IT\ICCU\VIA\0453292
003 ItRI
005 20260115232055.0
008 210601s2021 it |||||| ||||| |||||c
020 |a 9788831441155 
040 |b ita  |c importazione bologna sebina 
041 7 |a ita  |2 ISO-639-2 
082 |a 813.54  |9 NARRATIVA AMERICANA IN LINGUA INGLESE, 1945-1999  |2 23 
100 1 |a Lowry, Lois  |0 IT\ICCU\LO1V\145855  |4 aut 
240 1 2 |a A summer to die  |3 IT\ICCU\VIA\0453293  |9 Lowry, Lois 
245 1 3 |a Un'estate da morire /  |c Lois Lowry ; traduzione di Enrico Santachiara. 
260 |a Soliera :  |b 21lettere,  |c 2021 
300 |a 140 p. ;  |c 19 cm 
520 |a Meg proprio non la sopporta, sua sorella. Molly è bellissima e amata da tutti, mentre lei si sente solo diversa. Il loro rapporto cambierà un'estate, sullo sfondo della campagna inglese. Dall'acclamata autrice di letteratura per ragazzi, vincitrice di due medaglie Newbery, il romanzo, di ispirazione autobiografica, racconta momenti dolorosi della crescita con delicatezza e simpatia. Età di lettura: da 12 anni. 
700 1 |a Santachiara, Enrico  |0 IT\ICCU\VIAV\165608  |4 trl 
830 0 |a Ragazzi  |0 IT\ICCU\MOD\1718939 
942 |2 ddc  |c BK  |n 0 
952 |0 0  |1 0  |4 0  |6 R_813_600000000000000_LOW  |7 0  |9 19576  |a BO  |b BO  |d 2026-01-15  |i 19339  |l 0  |o R 813.6 LOW  |p BO19339  |r 2026-01-15 23:20:55  |w 2026-01-15  |x [Sebina 5] [1 v.]  |y BK  |z 1 v. 
999 |c 16680  |d 16680